000 00462cam a22001337a 4500
008 180718b1984 xxu||||| |||| 00| 0 eng d
082 _aR8x495 K156
100 _aKatsanevas, Theodore K.
245 _aTrade unions in Greece: an analysis of factors determining their growth and present structure
_cby Theodore K. Katsanevas
260 _aAthens
_bNational Centre of Social Research
_c1984
300 _a283p.
440 _aPaper
650 _aLabour Unions - Greece
999 _c476943
_d476943